CAMPBELL WALSH UROLOGY (Record no. 14207)

MARC details
000 -LEADER
fixed length control field 00258nam a22001217a 4500
003 - CONTROL NUMBER IDENTIFIER
control field SGT
082 ## - DEWEY DECIMAL CLASSIFICATION NUMBER
Classification number 616.6
Item number C16W
100 ## - MAIN ENTRY--PERSONAL NAME
Personal name WEIN,ALAN J
245 ## - TITLE STATEMENT
Title CAMPBELL WALSH UROLOGY
250 ## - EDITION STATEMENT
Edition statement 11TH
260 ## - PUBLICATION, DISTRIBUTION, ETC. (IMPRINT)
Place of publication, distribution, etc PHILADELPHIA
Name of publisher, distributor, etc ELSEVIER
Year of Publication 2016
942 ## - ADDED ENTRY ELEMENTS (KOHA)
Source of classification or shelving scheme Dewey Decimal Classification
Koha item type Books
Holdings
Withdrawn status Lost status Source of classification or shelving scheme Damaged status Not for loan Collection code Home library Current library Shelving location Date acquired Vendor Name Cost, normal purchase price Volume Information (Serial or Books or Non-Book Material) SGTU Bill Number Total Checkouts Full call number Accession No. (Barcode) Date last seen Date last borrowed Bill Date Koha item type
    Dewey Decimal Classification     MEDICAL SGT Medical Library SGT Medical Library Reference Book 25/12/2017 ABC DELHI 0.00 I(465) SGTU 8707 2 616.6 C16W FM9115 19/09/2019 04/09/2019 08/07/2017 Books
    Dewey Decimal Classification     MEDICAL SGT Medical Library SGT Medical Library Reference Book 25/12/2017 ABC DELHI 0.00 II(1595) SGTU 8707 2 616.6 C16W FM9116 19/09/2019 04/09/2019 08/07/2017 Books
    Dewey Decimal Classification     MEDICAL SGT Medical Library SGT Medical Library Reference Book 25/12/2017 ABC DELHI 0.00 III(2822) SGTU 8707 3 616.6 C16W FM9117 30/10/2019 14/10/2019 08/07/2017 Books
    Dewey Decimal Classification     MEDICAL SGT Medical Library SGT Medical Library Reference Book 25/12/2017 ABC DELHI 0.00 IV(3598) SGTU 8707   616.6 C16W FM9118 25/12/2017   08/07/2017 Books